Čtení pro dívky, ale nejen pro ně /

Korporativní autor: Socialistický svaz mládeže. Ústřední výbor
Jazyk: Čeština
Vydáno: Praha : Mladá fronta, 1973
Fyzický popis: 93 s.
Knihy
Uloženo v:
LEADER 00536nam a2200181 a 4500
001 000594772
003 CZ BrMZK
005 20031119110249.0
007 ta
008 020412s1973 xr f cze d
040 |a BOA001  |b cze  |c BOA001 
245 0 0 |a Čtení pro dívky, ale nejen pro ně /  |c odpovědný redaktor Dušan Macháček 
260 |a Praha :  |b Mladá fronta,  |c 1973 
300 |a 93 s. 
500 |a Vydavatel: ÚV SSM 
710 2 |a Socialistický svaz mládeže.  |b Ústřední výbor  |7 ko2003206677 
910 |a BOA001  |b 4-0710.023 
990 |a BK